Statistiche per Province vincitrici Serie A

Clicka qui per fare il quiz!

Statistiche generali

  • Questo quiz è stato fatto 16 volte
  • Il punteggio medio è 10 su 11

Statistiche sulle risposte

Numero vittorieProvincia% Corretto
7Bologna
100%
3Napoli
100%
43Torino
100%
2Firenze
93%
10Genova
93%
38Milano
93%
5Roma
93%
1Verona
93%
1Cagliari
87%
7Vercelli
80%
2Alessandria
67%

Distribuzione punteggi

Percentile per numero di risposta

Percentuale di utenti per punteggio

I tuoi punteggi nel tempo

Non hai fatto questo quiz